| 000 | 01161nam a22002777a 4500 | ||
|---|---|---|---|
| 003 | AR-RoUNCS | ||
| 005 | 20260305081852.0 | ||
| 008 | 180317s2018 ag a cr 001 jcspa | ||
| 015 | _aAR-2018 | ||
| 020 | _a978-987-4155-40-5 | ||
| 040 |
_aAR-BaBN _bspa _cAR-RoUNCS _eaacr |
||
| 044 |
_aag _car-c |
||
| 080 | 1 |
_a82-34(82) _22016 |
|
| 100 | 1 |
_aShua, Ana María, _d1951- |
|
| 245 | 1 | 3 |
_aEl valiente y la bella : _bcuentos de amor y aventura / _cAna María Shua ; ilustraciones de Pilar Centeno. |
| 250 | _a3a ed. | ||
| 260 |
_aBuenos Aires : _bPlaneta Lector, _c2018. |
||
| 300 |
_a144 p. : _bil. byn ; _c19 cm. |
||
| 490 | 0 | _aPlaneta Rojo | |
| 520 |
_aDescubran estos cuentos populares donde las mujeres no son solo las bellas ni los hombres los valientes. Ocho historias de amor y aventura de distintas partes del mundo que fueron transmitidas de generación en generación y que Ana María Shua adaptó para que podamos leerlas. _c(Descripción del editor). |
||
| 650 | 7 |
_2embne _aLiteratura argentina |
|
| 655 | 7 |
_aCuentos de amor _2embne |
|
| 655 | 7 |
_aCuentos juveniles _2embne |
|
| 700 | 1 |
_aCenteno, Pilar, _d1979- _eilustradora _4ill |
|
| 942 |
_2udc _cOG _n0 |
||
| 999 |
_c926 _d926 |
||